000 00464nam a2200193Ia 4500
005 20250603145149.0
008 250603s9999 xx 000 0 und d
020 _a9780123749796
050 _aR 856 .E53/
100 _aEnderle, John
245 0 _aIntroduction to biomedical engineering
250 _a3rd ed.
260 _aUnited State
260 _bElsevier Academic Press
260 _c2020
300 _a615 p
650 _aUnited State
942 _cBK
999 _c41063
_d41063